| 000 | 00611nam a2200217 a 4500 | ||
|---|---|---|---|
| 005 | 20210219153503.0 | ||
| 008 | 991125n 000 0 u | ||
| 035 | _aUPN01000102360 | ||
| 100 | _aJohnson, Nancy | ||
| 222 | _aREADING TEACHER | ||
| 245 | _aTime travel is possible : historical fiction and biography - passport to the past | ||
| 300 | _a488-501 | ||
| 362 | _a45, No. 7, 1992 | ||
| 505 | _aJunio 1992 | ||
| 653 | 0 | _aESTADOS UNIDOS DE AMERICA | |
| 653 | 0 | _aLITERATURA INFANTIL | |
| 653 | 0 | _aRELACION LECTOR-TEXTO | |
| 700 | _aEbert, M. Jane | ||
| 904 |
_aAC _b040171 |
||
| 905 | _aArticulo | ||
| 999 |
_c78157 _d78157 |
||